[Event "USA-ch15 prel 07 corr"]
[Site "USA"]
[Date "2000.06.20"]
[Round "?"]
[White "Marthinsen, Arthur A"]
[Black "Wacaster, John"]
[Result "0-1"]
[WhiteElo "2149"]
[BlackElo "2059"]
[PlyCount "42"]
[EventDate "2000.06.20"]
[EventType "tourn (corr)"]
[EventRounds "12"]
[EventCountry "USA"]
[SourceTitle "Corr 2006"]
[Source "ChessBase"]
[SourceDate "2006.04.01"]
[SourceVersion "3"]
[SourceVersionDate "2006.04.01"]
[SourceQuality "1"]

1. Nf3 d6 2. d4 Bg4 3. c4 Nd7 4. Qb3 Rb8 5. h3 Bxf3 6. Qxf3 g6 7. Nc3 Bg7 8. e3 c5 9. d5 Bxc3+ 10. bxc3 Ngf6 11. Bd3 Ne5 12. Qe2 Nxd3+ 13. Qxd3 Qa5 14. Bd2 Nd7 15. Qc2 Qa6 16. 0-0 Qxc4 17. e4 0-0 18. Bh6 Rfe8 19. f4 e6 20. dxe6 Rxe6 21. Rae1 Rbe8 0-1

[Event "USA-ch15 prel 07 corr"]
[Site "USA"]
[Date "2000.06.20"]
[Round "?"]
[White "Verleur, Jan Hein"]
[Black "Wacaster, John"]
[Result "1-0"]
[WhiteElo "2242"]
[BlackElo "2059"]
[PlyCount "63"]
[EventDate "2000.06.20"]
[EventType "tourn (corr)"]
[EventRounds "12"]
[EventCountry "USA"]
[SourceTitle "Corr 2006"]
[Source "ChessBase"]
[SourceDate "2006.04.01"]
[SourceVersion "3"]
[SourceVersionDate "2006.04.01"]
[SourceQuality "1"]

1. e4 c5 2. Nf3 Nc6 3. d4 cxd4 4. Nxd4 g6 5. c4 Nf6 6. Nc3 d6 7. Be2 Nxd4 8. Qxd4 Bg7 9. Be3 0-0 10. Qd2 Be6 11. 0-0 Qa5 12. Rab1 Rfc8 13. b3 a6 14. Rfc1 Rab8 15. f3 Kf8 16. b4 Qd8 17. Nd5 b5 18. Ba7 Rb7 19. Bd4 Bd7 20. Nxf6 exf6 21. Be3 Be6 22. cxb5 Rxc1+ 23. Rxc1 axb5 24. Rc6 d5 25. exd5 Rd7 26. d6 Rb7 27. Qc2 f5 28. Rc7 Rb8 29. Qd2 Be5 30. Bf4 Bxf4 31. Qxf4 Kg8 32. d7 1-0